| 000 | 00457nam a22001697a 4500 | ||
|---|---|---|---|
| 005 | 20260201140152.0 | ||
| 008 | 260201b |||||||| |||| 00| 0 eng d | ||
| 020 |
_a9780335208203 _qpbk |
||
| 082 |
_a305.2607 _bJAM |
||
| 100 | _a Jamieson,Anne | ||
| 245 | _aSesearching Ageing And Later Life | ||
| 250 | _aVictor, Christina | ||
| 260 |
_aUSA _b Open University Press _c16 September 2002 |
||
| 300 | _axi 275 p. | ||
| 504 | _aindex | ||
| 942 | _cENGLISH | ||
| 999 |
_c609648 _d609648 |
||